Rooikappie. (Record no. 780585)

MARC details
000 -LEADER
fixed length control field 00800nam a22002177b 4500
003 - CONTROL NUMBER IDENTIFIER
control field 3228
005 - DATE AND TIME OF LATEST TRANSACTION
control field 20250721110530.0
008 - FIXED-LENGTH DATA ELEMENTS--GENERAL INFORMATION
fixed length control field 250721b sa a|||| |||| 00| 1 AFR d
020 ## - INTERNATIONAL STANDARD BOOK NUMBER
International Standard Book Number <a href="9780798173506">9780798173506</a>
Qualifying information (hbk)
040 ## - CATALOGING SOURCE
Original cataloging agency RDA
Transcribing agency 3228
041 ## - LANGUAGE CODE
Language Afrikaans
082 ## - DEWEY DECIMAL CLASSIFICATION NUMBER
Classification number AKF ROOI
942 ## - ADDED ENTRY ELEMENTS
Creator ID 174
Creator Name Sanet Schoeman
Modifier ID 174
Modifier Name Sanet Schoeman
245 ## - TITLE STATEMENT
Title Rooikappie.
260 ## - PUBLICATION, DISTRIBUTION, ETC.
Place of publication, distribution, etc. Cape Town;
Name of publisher, distributor, etc. Human & Rosseau;
Date of publication, distribution, etc. 2016.
300 ## - PHYSICAL DESCRIPTION
Extent [unnumbered pages]
Other physical details llustrations
Dimensions 18 x 18 cm
490 ## - SERIES STATEMENT
Series statement Eerste stories
500 ## - GENERAL NOTE
General note "Hoekom is Ouma se tande so groot?" Stoot, trek en skuif die tonele en gee lewe aan die klassieke verhaal van Rooikappie. Hierdie eerste sprokies is perfek vir 1+ jariges en 'n prettige inleiding tot klassieke verhale.<br/>
700 ## - ADDED ENTRY--PERSONAL NAME
Personal name Rosenberg, Natascha
Relator term Illustrator
9 (RLIN) 195668
700 ## - ADDED ENTRY--PERSONAL NAME
Personal name Geldenhuys, Kobus.
Relator term Translator.
942 ## - ADDED ENTRY ELEMENTS
Source of classification or shelving scheme Dewey Decimal Classification
item type Book

No items available.